| 000 | 00818nam a22001937a 4500 | ||
|---|---|---|---|
| 999 |
_c59258 _d59258 |
||
| 003 | Ge_BSU | ||
| 005 | 20221226102845.0 | ||
| 008 | 221226s1982ge xxu||||| |||| 00| 0 geo d | ||
| 041 | _ageo | ||
| 080 | _a821.521-31+821.521-32 ა-16 | ||
| 100 |
_aაბე კობო, ავტ. _916569 |
||
| 245 |
_aქალი ქვიშაში : _bრომანი და მოთხრობები / _cკობო აბე ; [თარგმ. რუს. აკ. ბრეგაძისა.] |
||
| 250 | _a1-ლი გამოც. | ||
| 264 |
_aთბილისი : _bმერანი, _c1982. |
||
| 300 |
_a232 გვ. : _b 20 სმ. |
||
| 653 | _aქალი ქვიშაში: რომანი. | ||
| 700 |
_a ბრეგაძე ა. _eმთარგმნელი _916570 |
||
| 942 |
_2udc _cBK |
||